| 000 | 00768nam a22002297i 4500 | ||
|---|---|---|---|
| 336 |
_atext _btxt _2rdacontent |
||
| 337 |
_aunmediated _bn _2rdamedia |
||
| 338 |
_avolume _bnc _2rdacarrier |
||
| 999 |
_c41654 _d41654 |
||
| 003 | URS | ||
| 005 | 20220114162519.0 | ||
| 008 | 211117b ||||| |||| 00| 0 eng d | ||
| 020 | _a978-971-92726-8-7 | ||
| 040 |
_a DML _beng _erda _cURS |
||
| 050 |
_aHJ2950 _bV2342 2007 |
||
| 100 |
_aValencia, Edwin G, _eauthor |
||
| 245 |
_a Transfer and business taxation _bprinciples and laws with accounting applications _cEdwin G. Valencia, Gregorio F. Roxas. |
||
| 250 | _a4th Edition | ||
| 300 |
_a510 pages _bill; _c23 cm. |
||
| 650 | 0 |
_aInheritance and transfer tax _bTaxation _xStudy and teaching _zPhilippines |
|
| 700 | _aRoxas, Gregorio F. | ||
| 942 | _cF | ||